[Event "USA-ch"]
[Site "Seattle"]
[Date "2003.01.17"]
[Round "8"]
[White "Benjamin, Joel"]
[Black "Shabalov, Alexander"]
[Result "1-0"]
[WhiteElo "2587"]
[BlackElo "2613"]
[Annotator "Wedberg,T"]
[PlyCount "121"]
[EventDate "2003.01.09"]
[EventType "swiss"]
[EventRounds "9"]
[EventCountry "USA"]
[SourceTitle "CBM 093"]
[Source "ChessBase"]
[SourceDate "2003.04.01"]
[SourceVersion "1"]
[SourceVersionDate "2003.04.01"]
[SourceQuality "1"]

1. e4 e5 2. Nf3 Nc6 3. Bb5 a6 4. Ba4 Nf6 5. O-O Be7 6. Re1 b5 7. Bb3 d6 8. c3
O-O 9. h3 Na5 10. Bc2 c5 11. d4 Qc7 12. Nbd2 cxd4 13. cxd4 Rd8 14. d5 {The
closed centre takes away a lot of play for both sides, but on the balance
Black benefits most from this.} ({The move approved by practise and theory is} 
14. b3 $1 {[%cal Yc1b2,Ya1c1]}) (14. Nf1 {is bad due to} exd4 15. Nxd4 d5 16.
e5 Ne4 $1 $36) 14... Bd7 15. Nf1 Rdc8 16. Re2 Nb7 17. Ng3 Nc5 18. Be3 b4 {
[%mdl 8]} (18... Na4 {is another way to play Petschar - Siklosi/AUT/1999}) 19.
Rc1 Bb5 20. Re1 g6 21. Bb1 Nfd7 22. Nh2 Qd8 23. Ng4 Bg5 24. Qd2 Bxe3 25. Rxe3
Qg5 $5 {Shabalov decides to give a P - partly to stop any action starting with
Nh6+, partly to create play himself. The game now becomes extremely complex.} (
25... a5 {is perfectly playable.} 26. Nh6+ Kf8 $1 (26... Kg7 $2 27. Ngf5+ gxf5
28. Rg3+ $19) 27. Rf3 f6 28. Ng4 Kg8 {Black is solid.}) 26. Qxb4 h5 27. Nh2 h4
28. Ngf1 Nf6 29. Rce1 Nh5 30. Nf3 Qe7 31. N1h2 Nf4 {Black has active pieces
but no real targets for the P.} 32. Qd2 a5 33. Kh1 a4 34. Ng1 $5 Rab8 35. g3 {
White kicks back the intruder, even at the cost of a weakened K-side.} Nh5 36.
Rc3 Ba6 37. Ree3 {[%mdl 256] Joel Benjamin is a tactician and very good at
defending. Here he erects a 3rd rank barrier.} Rb4 38. b3 Qb7 39. Bc2 f5 $5 {
More gasoline on the fire, but now Black´s K is stripped of it´s defences.
White can play with thoughts of a counterstrike.} 40. exf5 Rd4 (40... Nf6 $5
41. Ngf3 Nxd5 42. fxg6 Nxc3 43. Rxc3 hxg3 44. fxg3 e4 $36) 41. Qe1 Qxd5+ 42.
Nhf3 gxf5 43. Kh2 f4 $2 (43... hxg3+ 44. fxg3 Rf8 $15) 44. Nxd4 $1 {[%mdl 64]}
Qxd4 (44... fxe3 45. Nf5 $1 exf2 46. Qxf2 Rc7 47. Nxh4 $14) 45. Ne2 Bxe2 46.
Rxe2 hxg3+ 47. fxg3 Rf8 (47... Nxg3 48. Rxg3+ fxg3+ 49. Qxg3+ $40) 48. Be4 d5
$2 49. Bxd5+ $1 {Black is collapsing.} Kh8 50. Rxe5 fxg3+ 51. Rxg3 Nxg3 52.
Qxg3 Qf2+ 53. Bg2 Qxg3+ 54. Kxg3 Rc8 55. b4 Nd3 56. Rh5+ Kg7 57. b5 Kg6 58. Rd5
Nb4 59. Rd6+ Kf5 60. b6 Ke5 61. Rd2 1-0

[Event "North Sea Cup 18th"]
[Site "Esbjerg"]
[Date "2003.07.08"]
[Round "5"]
[White "McShane, Luke J"]
[Black "Bruzon Batista, Lazaro"]
[Result "1-0"]
[WhiteElo "2592"]
[BlackElo "2614"]
[Annotator "Wedberg,T"]
[PlyCount "77"]
[EventDate "2003.06.04"]
[EventType "tourn"]
[EventRounds "9"]
[EventCountry "DEN"]
[EventCategory "15"]
[SourceTitle "CBM 096"]
[Source "ChessBase"]
[SourceDate "2003.09.25"]
[SourceVersion "1"]
[SourceVersionDate "2003.09.25"]
[SourceQuality "1"]

1. e4 e5 2. Nf3 Nc6 3. Bb5 a6 4. Ba4 Nf6 5. O-O Be7 6. Re1 b5 7. Bb3 d6 8. c3
O-O 9. h3 Na5 10. Bc2 c5 11. d4 Qc7 12. Nbd2 cxd4 13. cxd4 Nc6 14. Nb3 a5 15.
Be3 a4 16. Nbd2 Bd7 17. Rc1 Qb7 (17... Qb8 {has the point of keeping an eye on
e5.}) 18. Nf1 Rfe8 19. Ng3 h6 (19... Bd8 20. d5 Nb4 21. Bb1 Na6 22. Nh4 g6 23.
Bh6 Kh8 24. Nf3 Ng8 25. Be3 Bb6 26. Ng5 Rf8 27. Bxb6 {1/2-1/2 Klovans,
J-Razuvaev,Y/Elista 2002/CBM 89 ext (27)}) 20. Qd2 Bf8 (20... Bd8 $2 21. Bxh6
$1 $16 {1-0 Beliavsky,A-Lerner,K/Moscow 1983/URS-ch (65)}) 21. d5 Na5 22. Bd3
Reb8 23. Rc2 Nc4 {Black tries to dissolve the Q-side and then hopefully
achieve a draw in the end.} (23... b4 24. Rec1 Rc8 25. Rxc8 Bxc8 26. Qe1 $14 {
[%cal Ye3d2,Yd2b4]}) 24. Bxc4 bxc4 25. Qc1 $1 {[%cal Yf3d2,Yd2c4]} (25. Rxc4
Qxb2 26. Rc2 {is playable for Black.}) 25... Qa6 26. Nd2 Bb5 27. Nxc4 Bxc4 {
Black would rather keep the white squared B, but then he would have to play a
P down.} 28. Rxc4 Rxb2 29. Qxb2 Qxc4 30. Rc1 $16 {[%csl Gc6] The square c6 and
active pieces guarantees White a clear plus.} Qd3 31. Qb7 Rd8 32. Qb4 Ra8 33.
Rc7 Ne8 34. Rc3 Qa6 35. Rc6 Qd3 36. Qb7 Rd8 37. Rc8 $1 Rxc8 38. Qxc8 Qb5 (38...
Nf6 39. Nf5 $18) 39. Qc6 $1 1-0

[Event "Pamplona"]
[Site "Pamplona"]
[Date "2002.12.28"]
[Round "6"]
[White "Bologan, Viktor"]
[Black "Sokolov, Ivan"]
[Result "1-0"]
[WhiteElo "2627"]
[BlackElo "2684"]
[Annotator "Wedberg,T"]
[PlyCount "79"]
[EventDate "2002.12.21"]
[EventType "tourn"]
[EventRounds "6"]
[EventCountry "ESP"]
[EventCategory "16"]
[SourceTitle "CBM 093"]
[Source "ChessBase"]
[SourceDate "2003.04.01"]
[SourceVersion "1"]
[SourceVersionDate "2003.04.01"]
[SourceQuality "1"]

1. e4 e5 2. Nf3 Nc6 3. Bb5 a6 4. Ba4 Nf6 5. O-O Be7 6. Re1 b5 7. Bb3 d6 8. c3
O-O 9. h3 Na5 10. Bc2 c5 11. d4 Qc7 12. Nbd2 cxd4 13. cxd4 Nc6 14. Nb3 a5 15.
Be3 a4 16. Nbd2 Bd7 17. Rc1 Qb7 18. a3 Rac8 {Ivan Sokolov tries an aggressive
idea on the c-file. Usually Black puts his R:s on b8 and e8, but Ivan wants
more than just a solid position.} (18... Rfe8 19. Bd3 exd4 20. Nxd4 Ne5 21. Bb1
Bd8 22. N4f3 h6 23. Bd4 Ba5 {Is an example from the expert in this line
Jonathan Tisdall's practise. Black was solid in Stefansson,H - Tisdall,J/
Reykjavik Open 1996.}) 19. Qe2 Rc7 20. Bd3 Rfc8 {With a clear threat of Nxd4.}
21. Rb1 $1 {White doesn´t have to worry about the c-file too much. Black
cannot really use it for anything since the squares c1 to c4 are all well
covered by White.} exd4 22. Nxd4 Ne5 $6 {This is a little too optimistic. But
Black craves the initiative.} (22... Nxd4 23. Bxd4 $14 {Black´s R:s are clumsy
on c7 and c8, but he can regroup.}) 23. Bxb5 $1 Bxb5 24. Qxb5 Qa8 25. Nf5 $5 {
[%mdl 288] Interesting play. Rather than hang on to the P and let Black try to
develop his initiative Viktor Bologan gives the P back immediately and plays
against Black´s scattered P:s.} (25. Bg5 $16) 25... Nxe4 26. Nxe4 Qxe4 27.
Nxe7+ Rxe7 28. Rbc1 {White has settled for a slight but enduring advantage.
Black now has to worry about all his weaknesses.} Rce8 $2 {This second
aggressive doubling of the R:s is the end for Black.} (28... Ree8 $142 {
with ideas like Rb8.}) 29. Red1 Qg6 30. Kh1 h6 31. Rd4 $18 Kh7 32. Rcd1 f5 33.
Qxa4 Qh5 34. Qc2 Ng6 35. Rxd6 Nh4 36. Qd3 Re4 37. Rd7 R8e6 38. Bd4 Rxd4 39.
Rxd4 Nxg2 40. Kxg2 1-0

[Event "Lvov Cup of Galychina"]
[Site "Lvov"]
[Date "2001.12.18"]
[Round "1"]
[White "De Vreugt, Dennis"]
[Black "Levin, Felix"]
[Result "1-0"]
[WhiteElo "2437"]
[BlackElo "2531"]
[Annotator "Wedberg,T"]
[PlyCount "71"]
[EventDate "2001.12.18"]
[EventType "tourn"]
[EventRounds "11"]
[EventCountry "UKR"]
[EventCategory "11"]
[SourceTitle "CBM 087"]
[Source "ChessBase"]
[SourceDate "2002.03.21"]
[SourceVersion "1"]
[SourceVersionDate "2002.03.21"]
[SourceQuality "1"]

1. e4 e5 2. Nf3 Nc6 3. Bb5 a6 4. Ba4 Nf6 5. O-O Be7 6. Re1 b5 7. Bb3 d6 8. c3
O-O 9. h3 Na5 10. Bc2 c5 11. d4 Qc7 12. Nbd2 Rd8 (12... cxd4 13. cxd4 Rd8 {
is another moveorder. One point of exchanging on d4 before Rd8 is to avoid the
13.d5 line below.} 14. d5 (14. Nf1 exd4 {is the game.}) 14... Bd7 15. Bd3 Nb7
16. Nb3 Rdc8 $13 {1/2-1/2 Milos,G-Bologan,V/Buenos Aires 2000/CBM 80 (27)}) 13.
Nf1 (13. b3 {solid} cxd4 14. cxd4 Nc6 15. Bb2 exd4 16. Nxd4 Nxd4 17. Bxd4 Bb7
18. Rc1 Qa5 19. Bb1 $14 {Dolmatov,S-Polgar,Zs/New York/1989 1-0 (61)/ Inf 47/
446}) (13. d5 c4 14. Re3 $5 {is an interesting try avoiding all the tricky
stuff, see Kasimdzhanovs own annotations to Leko,P-Kasimdzhanov,R/Yerevan 2001/
1/2-1/2/CBM 86 (33).}) 13... cxd4 14. cxd4 exd4 15. Nxd4 (15. Bf4 Nc6 16. Ng3
Be6 17. Rc1 Qb6 18. Nf5 Bxf5 19. exf5 d5 $13 {1/2-1/2 Svidler,P-Kasimdzhanov,R/
Yerevan 2001/CBM 86_01/[Kasimdzhanov] (59)}) 15... d5 16. e5 Ne4 17. Bf4 (17.
f3 $6 Bc5 $1 $36) (17. Nd2 Bc5 18. N2f3 Bb7 $132 {0-1 Kasimdzhanov,R-Peng
Xiaomin/Genting Highlands 1998/CBM 63 ext (53)}) (17. Ne3 Bc5 18. b3 Qxe5 $132
{1-0 Brodsky,M-Aleksandrov,A/Moscow 1991/URS-ch/[Ernst] (49)}) 17... Bc5 18.
Ne3 Qb6 19. Nb3 Nxb3 20. Bxb3 Be6 21. Re2 $146 {A novelty, but it´s not clear
that this can save this problematic line for White.} (21. Bc2 Nxf2 22. Kxf2 d4
23. Qf3 dxe3+ 24. Bxe3 Rac8 $17 {0-1 Saulin,D-Notkin,M/Moscow 1996/CBM 56 ext 
(34)}) (21. Qd3 a5 22. f3 $2 (22. Bc2 $1) 22... a4 23. Bc2 g5 $1 24. Bh2 Bf5
$40 {0-1 Grischuk,A-Bologan,V/Enghien les Bains 2001/CBM 83/[Wedberg] (51) '!'
Kortschnoj.}) 21... Nxf2 $5 {Not necessary, but then again probably OK for
Black.} (21... d4 $1 22. Ng4 (22. Bxe6 dxe3) 22... Bf5 $36 {[%cal Yb6g6,Yd4d3]
I don't see any reason why White would opt for this.}) 22. Kxf2 d4 23. Nf1 d3+
24. Re3 Rac8 25. Kg3 Bxb3 26. axb3 Bxe3 27. Nxe3 d2 28. Nf1 Rc6 $2 (28... Qg6+
29. Kh2 Qe4 $17) 29. Qe2 Rc2 30. Bxd2 {Black gave the P away for no reason.
White has good hopes of surviving now.} Qg6+ 31. Kh2 Rxb2 32. b4 h6 33. Ra3 Qc2
$2 34. Rxa6 {White has counterplay now.} Rxd2 $2 35. Nxd2 Qxd2 36. Qe4 $1 (36.
Qe4 g6 37. e6 $18) 1-0

[Event "NED-ch55"]
[Site "Rotterdam"]
[Date "2000.05.12"]
[Round "5"]
[White "De Vreugt, Dennis"]
[Black "Piket, Jeroen"]
[Result "1-0"]
[WhiteElo "2498"]
[BlackElo "2633"]
[Annotator "Wedberg,T"]
[PlyCount "75"]
[EventDate "2000.05.07"]
[EventType "tourn"]
[EventRounds "11"]
[EventCountry "NED"]
[EventCategory "12"]
[SourceTitle "CBM 077"]
[Source "ChessBase"]
[SourceDate "2000.07.27"]
[SourceVersion "1"]
[SourceVersionDate "2000.07.27"]
[SourceQuality "1"]

1. e4 {Hansen,Cu} e5 2. Nf3 Nc6 3. Bb5 a6 4. Ba4 Nf6 5. O-O Be7 6. Re1 b5 7.
Bb3 d6 8. c3 O-O 9. h3 Na5 10. Bc2 c5 11. d4 Qc7 12. Nbd2 cxd4 13. cxd4 Be6 {
'!?' Hansen,Cu.  Quite an unusual line. But it can hardly be described as a
line, since the records only give a few examples of this move. Piket is
clearly fishing for something out of the book.  Hansen,Cu: 'Piket has a lot of
experience with the closed Spanish. He is obviously of the opinion that
closing the postion with 14.d5 Ld7 gives black adequate counterplay. I find it
interesting that the textmove is not even mentioned in NCO - Nunns Chess
Openings. It rearly is a off-beat line.'} 14. Nf1 ({Not} 14. d5 Bd7 {and Black
has actually achieved something, since in the line with Bb7 Black wants to get
his B to d7 when White goes d5.}) 14... Rfc8 (14... Rac8 15. Bd3 (15. Bb1 Ne8
16. d5 Bd7 17. g4 g6 18. Bh6 Ng7 19. Ng3 f6 20. Nh2 Nb7 21. Nhf1 Nd8 22. Bd3
Nf7 23. Bd2 Ng5 24. Kg2 f5 $132 {1-0 Michel,P-Pilnik,H/Buenos Aires 1941/HCL 
(67)}) 15... Bc4 16. Ng3 (16. Bxc4 Nxc4 17. Ng3 Rfd8 18. b3 Nb6 19. Ba3 $14 {
Pachman - Novoteljnov, Moscow 1947}) 16... Bxd3 17. Qxd3 Nc6 18. Bd2 exd4 19.
Rac1 Rfe8 20. Nf5 Bf8 21. N3xd4 Qd7 22. Nxc6 Rxc6 $14 {1/2-1/2 Ivanov,A-Brooks,
M/New York 1990/CBM 19/[Schussler] (36)}) 15. Bd3 (15. Ne3 Nc4 16. Nxc4 Bxc4
17. Bd2 Qb8 $2 18. d5 $1 {[%csl Rc4]} b4 19. b3 Bb5 20. Bxb4 $16 {1-0 Pomar
Salamanca,A-Garcia Vera,O/Santa Fe 1949/EXT 99 (43)}) 15... Bc4 {'?!' Hansen,
Cu.} (15... h6 16. b3 Bd7 17. Bb2 Nc6 18. Rc1 Qb8 19. Ne3 Re8 20. Bb1 Ra7 21.
Nd5 $16 {1-0 Averbakh,Y-Dubinin,P/Sverdlovsk 1951/EXT 99 (37) an almost ideal
position for White in the Ruy Lopez.}) 16. Bxc4 bxc4 $6 {'?' Hansen,Cu. This
looks like a very dubious move. There must be some miscalculation behind it. 
Hansen,Cu: 'The game continuation makes this move look like a positional
mistake'} (16... Nxc4 17. b3 Nb6 18. Bb2 (18. d5 $14) 18... exd4 19. Nxd4 d5
20. e5 Ne4 $132 {0-1 Mardle,D-Wade,R/Whitby 1962/EXT 99 (31)}) (16... Nxc4 $142
$14 {Hansen,Cu}) 17. Bd2 Nc6 18. Bc3 $16 {White has an easy game - Black has
weaknesses.  Hansen,Cu: 'Whites B is placed very solidly on this square. If
black had some active play - say on the K-side - it could well become a "big
P" - a bad bishop. However in this case the most important factor is blacks
weak c4-P. He has no counterplay because Bc3 effectively protects b2.'} (18. d5
{Hansen,Cu} Nd4) 18... Bf8 {'?' Hansen,Cu. Hansen,Cu: 'Very careless.
Alternatives do not look great but no matter what - whites next move should
not have been allowed '} (18... exd4 19. Nxd4 Ne5 {Hansen,Cu: 'Compared to the
game Be7 has some space although allowing whites N to f5 in this kind of
position is of course an admission of some kind. '} (19... d5 {Hansen,Cu
Compared to the game Be7 has some space although allowing whites N to f5 in
this kind of position is of course an admission of some kind.} 20. Nf5 $5 $14)
20. Nf5 $40) 19. d5 $16 {[%csl Rc4] Isolating the P on c4. Hansen,Cu: 'Now it
is even more obvious that the c4-P is cut of from the rest of blacks
P-structure and that Bf8 is a very passive piece'} Nb8 (19... Na7 $5 {[%cal
Ya7b5] Hansen,Cu} 20. a4 {[%csl Ra7]}) 20. N3d2 Nbd7 21. Ne3 Nc5 {Hansen,Cu:
'Black tries to get some counterplay against P-e4, but apart from c4 being so
weak black is also more or less fighting for the Q-side being a piece down. '}
22. Qc2 {The c4-P is doomed.} g6 23. Nexc4 {'+-' Hansen,Cu. Hansen,Cu: 'White
is a clean P up, and even though black manages to create a bit of chaos with
his 27th move the game is and should be decided.'} Rab8 24. Na5 Qd7 25. a4 Bh6
26. Ndc4 Bf4 27. b4 Ncxe4 28. Rxe4 Nxd5 29. Rd1 Qe6 30. Ba1 f5 31. Ree1 Rxb4
32. Qa2 Nb6 33. Rxd6 Qf7 34. Rxb6 $18 {Clearing the situation. White is of
course winning.} Rxb6 35. Qe2 Rb4 (35... Re6 36. g3 Bg5 37. Nxe5 Qe7 38. Qa2
$18 {[%cal Ya1h8,Ra2g8,Ge1e7]}) 36. Nd6 Qc7 37. Nxc8 Qxa5 38. Ne7+ 1-0

[Event "Tilburg Fontys"]
[Site "Tilburg"]
[Date "1998.11.03"]
[Round "10"]
[White "Leko, Peter"]
[Black "Adams, Michael"]
[Result "1-0"]
[WhiteElo "2665"]
[BlackElo "2715"]
[Annotator "Wedberg,T"]
[PlyCount "79"]
[EventDate "1998.10.23"]
[EventType "tourn"]
[EventRounds "11"]
[EventCountry "NED"]
[EventCategory "18"]
[SourceTitle "EXT 1999"]
[Source "ChessBase"]
[SourceDate "1998.11.16"]
[SourceVersion "1"]
[SourceVersionDate "1998.11.16"]
[SourceQuality "1"]

1. e4 {Ftacnik} e5 2. Nf3 Nc6 3. Bb5 a6 4. Ba4 Nf6 5. O-O Be7 6. Re1 b5 7. Bb3
O-O 8. c3 d6 9. h3 Na5 10. Bc2 c5 11. d4 Qc7 12. Nbd2 cxd4 13. cxd4 Nc6 14. Nb3
a5 15. Be3 a4 16. Nbd2 Nb4 17. Bb1 Bd7 18. a3 Nc6 19. Bd3 Na5 20. Qe2 Qb8 21.
Rec1 {'!?' Ftacnik.} (21. Rac1 {Ftacnik}) 21... Re8 22. Rab1 exd4 {'?!'
Ftacnik. Ftacnik: 'A dubious idea of giving up the center. Black needs a
counterplay and he vaguely hopes to benefit from semiopen e file, but
conservative approach was more appropriete.'} (22... Bf8 23. b4 (23. dxe5 dxe5
24. Bc5 Bxc5 25. Rxc5 Nb7 26. Rc3 Nd8 27. b3 $14 {1/2-1/2 Rodriguez,A-Eslon,J/
Alcobendas 1993/EXT 98 (50)}) 23... axb3 24. Nxb3 Nxb3 25. Rxb3 exd4 26. Bxd4
$14 {0-1 Klovans,J-Beliavsky,A/Groningen 1992/CBM 34 (40)}) 23. Nxd4 b4 24. Bb5
(24. Qf3 Qb7 25. Nf5 Bf8 26. Bd4 Re6 27. Nh6+ gxh6 28. Bxf6 $16 {1-0 Garcia,
G-Campos,J/Palma de Mallorca 1992/TD (36)}) 24... b3 (24... Bxb5 {Ftacnik} 25.
Nxb5 bxa3 26. bxa3 $16) 25. Bxd7 Nxd7 26. Nb5 Nc5 $4 {[%mdl 8192]} (26... Rc8
$142) (26... Rc8 {Ftacnik} 27. Rxc8+ Qxc8 28. Nc3 $1 Nc6 29. Nd5 $16) 27. Nxd6
$1 $16 {'!' Ftacnik.} Bxd6 (27... Qxd6 {Ftacnik} 28. Bxc5 Qf6 29. Qb5 $16) 28.
Bxc5 Bf4 29. Be3 {'!' Ftacnik. Ftacnik: 'xNa5' Ftacnik: 'White has won a pawn,
but on top of it black knight is displaced at the edge of the board.'} h6 (
29... Bxe3 {Ftacnik} 30. Qxe3 Ra6 31. Rc3 $16) 30. Rc3 Nb7 (30... Be5 {Ftacnik}
31. Rc5 Nb7 32. Rd5 $16) 31. g3 Be5 32. Rd3 (32. Rc4 {Ftacnik} Bxg3 $1 33. fxg3
Qxg3+ $13) 32... f5 33. Nc4 (33. exf5 $5 {Ftacnik} Qc8 (33... Bxg3 34. fxg3 Nc5
35. Rc3 Qxg3+ 36. Qg2 Qxg2+ 37. Kxg2 Rad8 38. Kf3 $18) 34. Qf3 Qc2 35. Rd7 Nd6
36. Qd5+ Kh8 37. f6 $18) 33... Bxg3 {'!?' Ftacnik. Ftacnik: 'This brave move
masks an act of desperation in face of progress Leko was making with each move.
'} (33... fxe4 {Ftacnik} 34. Rd7 $1 Bxg3 35. Qg4 Be5 36. Bxh6 $18) 34. fxg3
Rxe4 (34... fxe4 {Ftacnik} 35. Rd7 Qxg3+ 36. Qg2 Qxg2+ 37. Kxg2 Rac8 38. Bd4 $1
Rxc4 (38... Red8 39. Rxg7+ Kh8 40. Bc3 Rxc4 41. Rxb7+ $18) 39. Rxg7+ Kh8 40.
Re7+ Rxd4 41. Rxe8+ Kg7 42. Re7+ $18) 35. Nd2 Qxg3+ 36. Qg2 Qxg2+ (36... Rxe3
37. Qxg3 Rxg3+ 38. Rxg3 $18) 37. Kxg2 Re6 38. Rc1 Rae8 (38... Nd6 {Ftacnik} 39.
Rc6 $18) 39. Kf3 g5 (39... Nd6 {Ftacnik} 40. Rc6 Nf7 41. Rxe6 Rxe6 42. Rd4 Ra6
43. Nb1 g5 44. Nc3 $18) 40. Rc4 1-0

[Event "Escaldes zt"]
[Site "Escaldes"]
[Date "1998.11.07"]
[Round "2"]
[White "Van den Doel, Erik"]
[Black "Piket, Jeroen"]
[Result "0-1"]
[WhiteElo "2480"]
[BlackElo "2605"]
[Annotator "Wedberg,T"]
[PlyCount "212"]
[EventDate "1998.11.06"]
[EventType "swiss"]
[EventRounds "9"]
[EventCountry "AND"]
[SourceTitle "CBM 068"]
[Source "ChessBase"]
[SourceDate "1999.02.01"]
[SourceVersion "1"]
[SourceVersionDate "1999.02.01"]
[SourceQuality "1"]

{The active endgame play by Piket is worth studying. In the end the game is
marred by time pressure. That's the curse of the new sudden death time limits.
When will a tournament organiser announce a tournament with the old schedule:
40 moves in 2,5 hours and then 16 moves an hour with adjournments? Computers
or not, this is still a great way to play chess.} 1. e4 e5 2. Nf3 Nc6 3. Bb5 a6
4. Ba4 Nf6 5. O-O Be7 6. Re1 b5 7. Bb3 d6 8. c3 O-O 9. h3 Na5 10. Bc2 c5 11. d4
Qc7 12. Nbd2 cxd4 13. cxd4 Nc6 14. Nb3 a5 15. Be3 a4 16. Nbd2 Bd7 17. a3 Rfe8
18. Rc1 Qb7 19. Qe2 Rab8 20. Bd3 (20. dxe5 $5) 20... exd4 (20... Bd8 21. dxe5
dxe5 (21... Nxe5 22. Nxe5 dxe5 23. Rc2 Re6 24. b4 $16 {Eichhorn,E-Heilemann,P/
Dr.R.Blass Memorial/1990/}) 22. Rc5 $16 {Ivanovic,B-Lazic,Mi/Podgorica/1993/})
(20... h6 21. dxe5 dxe5 22. Bc5 $16) 21. Nxd4 Ne5 22. Bb1 Bd8 23. Bg5 (23. f3
Ng6 24. Qf2 Ne5 25. Red1 d5 26. Kh1 (26. f4 $5 $36) 26... Nc4 27. Nxc4 bxc4 28.
Bf4 Qxb2 $132 {1/2-1/2 Wedberg,T-Tisdall,J/Osterskars 1995/EXT 97 (36)}) 23...
h6 24. Bh4 b4 $146 (24... Qb6 25. Nc2 Rc8 26. Ne3 Rxc1 27. Rxc1 Qd4 28. Ndf1
Ng6 29. Rd1 Qc5 30. Bxf6 Bxf6 31. Nd5 Bg5 32. Nfe3 $14 {1/2-1/2 Akopian,
V-Agdestein,S/Biel 1993/CBM 37/[Ernst] (53)}) 25. Nf1 $6 (25. Nc4 Nxc4 26. Qxc4
(26. Rxc4 bxa3 27. bxa3 Ba5 $17) 26... bxa3 27. bxa3 Nxe4 $17) (25. N4f3 Bb5
$36) (25. Bg3 $5 $13 {/\N4f3}) 25... Qa7 26. Red1 bxa3 27. bxa3 g5 28. Bg3 Bb6
$15 {Black is active and Whites chances against Blacks slightly weakened
K-side are not too threatening.} 29. Nf3 Bc5 30. Nxe5 dxe5 31. Qf3 Kg7 32. Ne3
Rb3 33. Rd3 Bd4 34. Rcd1 Qc5 35. Kh2 Be6 (35... Qxa3 36. Rxd4 $1 (36. Nd5 Nxd5
37. exd5 f5 $17) (36. Nf5+ Bxf5 37. Qxf5 Nh5 $17) 36... exd4 37. e5 (37. Nf5+
$2 Kh8 $19) 37... Ng8 38. Rxd4 Be6 39. Qe4 $132) 36. Nf5+ Bxf5 37. Qxf5 Rxd3 (
37... Qxa3 $2 38. Rxd4 $1 $40 exd4 39. e5 Ng8 40. Rxd4 Rb7 41. Qh7+ Kf8 42. e6
$18) 38. Rxd3 Qc8 39. Qf3 Qc4 40. Qf5 Qc8 41. Qf3 Qc4 42. Qf5 Qe6 43. Bc2 Qxf5
44. exf5 Rc8 $5 $36 {[%mdl 4096] Black sacrifices a P to get active play in
the endgame.} (44... Ra8 45. f4 $1 gxf4 46. Bxf4 $132) 45. Bxa4 Rc1 46. Bd1 Ne4
47. Bf3 $6 (47. a4 $13) 47... Nc5 48. Rd2 Ra1 49. Bd5 Rxa3 $15 {><f5} 50. Ra2
Rxa2 51. Bxa2 Ne4 52. Bb1 Nd2 53. Bc2 Kf6 54. Kg1 h5 55. h4 g4 56. Bh2 Nc4 57.
Kf1 Nd6 58. Ke2 Nxf5 $17 59. Bg3 Bc5 (59... Nxg3+ 60. fxg3 $11) 60. Bb1 Bd6 61.
Be4 Ke6 62. Bb7 Nd4+ 63. Kd3 f5 64. f3 Kf6 65. Bf2 Ne6 66. Kc4 Ba3 67. Be3 Bb2
68. Bc8 Ba3 69. Bb6 Be7 70. Be3 f4 71. Bb6 Bd8 $6 {The end to this game seems
to have been played in a great hurry.} (71... g3 72. Kd5 Nf8 73. Bc7 Ng6 74.
Ke4 $11) (71... gxf3 72. gxf3 Bd8 73. Bxe6 Bxb6 74. Kd5 Bf2 75. Bd7 Bxh4 76.
Be8 $11) 72. Bxd8+ Nxd8 73. fxg4 hxg4 74. Bxg4 $11 Nc6 75. Kd5 Nd4 76. h5 Nc2
77. Ke4 Ne3 78. Bh3 Nf1 79. Bd7 $2 (79. h6 $11) 79... Ng3+ 80. Kd5 Nxh5 81. Bb5
Ng3 82. Bd3 Nh1 83. Bb1 Nf2 84. Bc2 Ng4 85. Be4 Ne3+ 86. Kd6 Nd1 87. Bc2 Nf2
88. Kd5 Ng4 89. Be4 Ne3+ 90. Kd6 Nd1 91. Kc5 Nf2 92. Bb7 e4 93. Kd4 e3 94. Ba6
Nh1 95. Ke4 Kg5 96. Kf3 Ng3 97. Bb7 Nf5 98. Ke2 Kh4 99. Ke1 Kg3 100. Be4 Nh4
101. Kf1 Nxg2 $1 $19 102. Ke2 (102. Bxg2 e2+ 103. Kxe2 Kxg2 $19) 102... Nh4
103. Bd3 Nf3 104. Be4 Nd4+ 105. Ke1 f3 106. Bd3 e2 0-1